Guess The Minecraft Horror Entity From The Picture: Part V - Statistics

General Stats
  • This quiz has been taken 13 times
  • The average score is 4 of 16
Answer Stats
Picture Answer % Correct
Cave Dweller Reimagined
50%
Jukebox Head
50%
The Screaming Villager
50%
The Silence
50%
Blood Golem
33%
Crawler Dweller
17%
Dogman
17%
Error Entity
17%
Evil Steve
17%
Ghost Creeper
17%
Possessed Cow
17%
The Amalgamation
17%
The Arbitor
17%
The Horrid
17%
The Hunter
17%
The Man From BEYOND The Fog
17%
No matching quizzes found
Score Distribution
Percent of People with Each Score
Percentile by Number Answered
Your Score History
You have not taken this quiz